<?xml version="1.0" encoding="UTF-8"?>
<marc:record xmlns:marc="http://www.loc.gov/MARC21/slim">
   <marc:leader>00000nam a2200000 a 4500</marc:leader>
   <marc:datafield ind1="1" ind2=" " tag="100">
      <marc:subfield code="a">Fröhlich, Susanne</marc:subfield>
   </marc:datafield>
   <marc:datafield ind1="1" ind2=" " tag="100">
      <marc:subfield code="a">Fröhlich, Susanne</marc:subfield>
   </marc:datafield>
   <marc:datafield ind1=" " ind2=" " tag="653">
      <marc:subfield code="a">Komödie</marc:subfield>
   </marc:datafield>
   <marc:datafield ind1=" " ind2=" " tag="653">
      <marc:subfield code="a">Achtsamkeit</marc:subfield>
   </marc:datafield>
   <marc:datafield ind1="0" ind2="0" tag="245">
      <marc:subfield code="a">Verzogen</marc:subfield>
   </marc:datafield>
   <marc:datafield ind1="0" ind2="0" tag="245">
      <marc:subfield code="b">Autorinnenlesung</marc:subfield>
   </marc:datafield>
   <marc:datafield ind1="0" ind2="0" tag="245">
      <marc:subfield code="c">Susanne Fröhlich. Susanne Fröhlich</marc:subfield>
   </marc:datafield>
   <marc:datafield ind1=" " ind2="1" tag="264">
      <marc:subfield code="a">Berlin</marc:subfield>
      <marc:subfield code="b">Argon</marc:subfield>
      <marc:subfield code="c">2018</marc:subfield>
   </marc:datafield>
   <marc:datafield ind1=" " ind2=" " tag="250">
      <marc:subfield code="a">3. Auflage</marc:subfield>
   </marc:datafield>
   <marc:datafield ind1="1" ind2=" " tag="520">
      <marc:subfield code="a">Landleben = Lebensfreude? Andrea Schnidt probiert es aus&lt;br/&gt;Andrea erfüllt Paul einen Herzenswunsch und zieht mit ihm aufs Land. Und zwar wirklich aufs Land - dahin, wo Fuchs und Huhn sich am Waldrand Gute Nacht sagen, der nächste Supermarkt eine halbe Autostunde entfernt ist und die Feldwege sich am Dorfausgang in der Unendlichkeit verlieren. Allerdings nur zur Probe für ein Jahr! Wie das wohl wird? Während Paul voller Elan die Praxisvertretung für den ansässigen Orthopäden übernimmt, muss Andrea feststellen, dass das Landleben gar nicht so ist, wie sie sich das vorgestellt hat: Als Frau Doktor ist sie gleich im ganzen Dorf bekannt, und spätestens als ihr Ex-Schwiegervater Rudi zu ihnen zieht, wird klar, dass von Privatleben hier keine Rede sein kann.</marc:subfield>
   </marc:datafield>
   <marc:datafield ind1=" " ind2=" " tag="020">
      <marc:subfield code="a">9783839816080</marc:subfield>
      <marc:subfield code="9">9783839816080</marc:subfield>
   </marc:datafield>
   <marc:datafield ind1=" " ind2=" " tag="041">
      <marc:subfield code="a">ger</marc:subfield>
   </marc:datafield>
   <marc:datafield ind1="1" ind2=" " tag="521">
      <marc:subfield code="a">0</marc:subfield>
   </marc:datafield>
   <marc:datafield ind1=" " ind2=" " tag="300">
      <marc:subfield code="a">4 Audio-CDs, 5 Std.18 Min.</marc:subfield>
   </marc:datafield>
</marc:record>
